Central Library OPAC University of Rajshahi

Germany : (Record no. 26835)

MARC details
000 -LEADER
fixed length control field 00641nam a22002292 4500
001 - CONTROL NUMBER
control field 26835
003 - CONTROL NUMBER IDENTIFIER
rucl marc code BD-RJUL
005 - DATE AND TIME OF LATEST TRANSACTION
control field 20211209051056.0
008 - FIXED-LENGTH DATA ELEMENTS--GENERAL INFORMATION
fixed length control field 140323s1961 enka b 001 0 eng d
035 ## - SYSTEM CONTROL NUMBER
System control number (BD-RJUL)26906
040 ## - CATALOGING SOURCE
Original cataloging agency CIN
Transcribing agency CIN
Modifying agency UKM
-- EQO
Language of cataloging eng
041 ## - LANGUAGE CODE
Language code of text/sound track or separate title eng
082 04 - DEWEY DECIMAL CLASSIFICATION NUMBER
Classification number 914.3
Edition number 18
Author mark and year SIG 1961
090 ## - LOCALLY ASSIGNED LC-TYPE CALL NUMBER (OCLC); LOCAL CALL NUMBER (OCLC)
Classification number (OCLC) (R) ; Classification number, CALL (RLIN) (NR) DD43
Local cutter number (OCLC) ; Book number/undivided call number, CALL (RLIN) .S56
100 1# - MAIN ENTRY--PERSONAL NAME
Personal name Sinnhuber, Karl A.
9 (RLIN) 82484
245 10 - TITLE STATEMENT
Title Germany :
Remainder of title its geography and growth/
Statement of responsibility, etc. K.A.Sinnhuber.
260 ## - PUBLICATION, DISTRIBUTION, ETC. (IMPRINT)
Place of publication, distribution, etc. London :
Name of publisher, distributor, etc. J. Murray,
Date of publication, distribution, etc. c1961
300 ## - PHYSICAL DESCRIPTION
Pagination 127 p. :
Illustrations ill. ;
Size 21 x 26 cm.
504 ## - BIBLIOGRAPHY, ETC. NOTE
Bibliography, etc Includes index
651 #0 - SUBJECT ADDED ENTRY--GEOGRAPHIC NAME
Geographic name Germany
General subdivision Description and travel.
9 (RLIN) 66973
942 ## - ADDED ENTRY ELEMENTS (KOHA)
Source of classification or shelving scheme Dewey Decimal Classification
Koha item type Books
Holdings
Lost status Source of classification or shelving scheme Damaged status Not for loan Collection code Permanent Location Current Location Shelving location Date acquired Source of acquisition Cost, normal purchase price Total Checkouts Full call number Date last seen Copy number Koha item type
  Dewey Decimal Classification   Added to bundle Non-fiction Central Library, University of Rajshahi Central Library, University of Rajshahi Reading Room 21/06/1963 Zeitlinger 15.00   914.3 SIG 1961 23/03/2014 C-1 Books